000 00472nam a2200169Ia 4500
999 _c29448
_d29448
003 OSt
005 20201119120504.0
008 190216s9999||||xx |||||||||||||| ||und||
040 _coclc
082 _a894.8123
_bBAN/A
100 _aBanerji, Tharashankar
_96774
245 0 _aAlla /
_cTharashankar Banerji
260 _bCurrent Books,
_aThrissur:
_c2000.
300 _a91p
650 _aNovel
942 _cBK
_2ddc
_h894.8123
_iBAN/A
_k894.8123
_mBAN/A